Principles of numerical taxonomy

Guardat en:
Dades bibliogràfiques
Autor principal: Sokal, Robert R
Altres autors: Sneath, Peter H
Format: Llibre
Idioma:anglès
Publicat: San Francisco, USA W. H. Freeman 1963
Col·lecció:Books in Biology
Matèries:
Etiquetes: Afegir etiqueta
Sense etiquetes, Sigues el primer a etiquetar aquest registre!

MARC

LEADER 00000nam a2200000 a 4500
001 UCT5320
003 CL-VaPUC
005 20240104151317.0
008 961205e19630000US |||||||||||||||||eng|d
999 |c 254271  |d 254269 
040 |c Pontificia Universidad Católica de Valparaíso 
082 0 4 |a 570.12 SOK 1963  |2 21 
100 0 |a Sokal, Robert R  |9 374713 
245 1 0 |a Principles of numerical taxonomy 
260 0 3 |a San Francisco, USA  |b W. H. Freeman  |c 1963 
300 |a 359 páginas 
490 0 |a Books in Biology 
583 |a last modification  |c 20150107 01:45:47  |k Rodrigo Vera 
650 0 |a Biología  |9 262022 
650 0 |a Investigación científica  |9 259857 
650 0 |a Análisis estadístico  |9 269506 
650 0 |a Taxonomia  |9 341054 
650 0 |a Métodos de investigación   |9 262618 
700 0 |a Sneath, Peter H  |9 374714 
942 |c BK  |2 ddc 
945 |d 19961205 00:00:00  |a lriquelm